| 000 | 00546aam a2200193 4500 | ||
|---|---|---|---|
| 005 | 20231011152902.0 | ||
| 008 | 150604b xxu||||| |||| 00| 0 spa d | ||
| 041 | _aEspañol | ||
| 082 | _a158.1 Z36a | ||
| 100 |
_aZarate Carrizo, Ruby _919100 |
||
| 245 | _aAutoestima femenina: mujeres completas o hechas pedazos | ||
| 260 |
_aCosta Rica _bEdiciones ser y crecer _c1994 |
||
| 300 | _a46 páginas | ||
| 650 | _aAUTOESTIMA | ||
| 650 | _aPSICOLOGÍA DE LA MUJER | ||
| 650 | _aSALUD MENTAL | ||
| 650 | _aMUJERES | ||
| 942 |
_cLIT _2ddc |
||
| 999 |
_c2622 _d2622 |
||